[Event "Oberliga Ost A9899"]
[Site "GER"]
[Date "1999.??.??"]
[Round "?"]
[White "Brueggemann, Joachim"]
[Black "Csulits, Anton"]
[Result "1/2-1/2"]
[WhiteElo "2330"]
[BlackElo "2300"]

1.e4 c5 2.Nf3 e6 3.d4 cxd4 4.Nxd4 a6 5.Bd3 Qc7 6.c4 Nf6 7.Qe2 d6 8.O-O Be7
9.Nc3 Nc6 10.Be3 Ne5 11.f3 Nxd3 12.Qxd3 Nd7 13.b3 O-O 14.Qd2 b6 15.Rac1 Bb7
16.Rfd1 Rac8 17.Qf2 Rfd8 18.Nde2 Qb8 19.Bd4 Ba8 20.Qg3 Bf6 21.Be3 Be5 22.Qf2 b5
23.cxb5 axb5 24.Bd4 Bxd4 25.Qxd4 b4 26.Na4 d5 27.exd5 Bxd5 28.Rxc8 Rxc8 29.Nf4 Bc6
30.Nd3 Bxa4 31.bxa4 Qb6 32.Qxb6 Nxb6 33.a5 Nd5 34.Rb1 Kf8 35.Nxb4 Nxb4 36.Rxb4 Rc1+
37.Kf2 Rc2+ 38.Kg3 Rxa2 39.Rb8+ Ke7 40.Ra8 Kf6 41.h4 e5  1/2-1/2

[Event "DDMM (Women)"]
[Site "Germany"]
[Date "1999.??.??"]
[Round "3.2"]
[White "Koglin, Anke"]
[Black "Jahn, Constanze"]
[Result "1/2-1/2"]
[WhiteElo "2285"]
[BlackElo "2140"]

1.e4 c5 2.Nf3 e6 3.d4 cxd4 4.Nxd4 a6 5.Bd3 Nc6 6.Nxc6 dxc6 7.Nd2 Qc7 8.a4 a5
9.Nc4 Nf6 10.Be3 Nd7 11.f3 e5 12.O-O Bc5 13.Qe1 O-O 14.Qf2 Bxe3 15.Qxe3 b5
16.Nd2 b4 17.Rfd1 Rd8 18.Nb3 Nf8 19.Qf2 Be6 20.Nc5 Qa7 21.Bf1 h6 22.g3 Qb6
23.Nd3 Qxf2+ 24.Kxf2 Nd7 25.b3 Kf8 26.Ke3 Ke7 27.Rd2 c5 28.Nb2 Nb6 29.Rad1 Rd4
30.Bb5 Rad8 31.Rxd4 cxd4+ 32.Kd2 Rc8 33.Nd3 Kd6 34.Rf1 f6 35.f4 Na8 36.Ba6 Rb8
37.Nb2 Nb6 38.Bb5 Rc8 39.Nd3 Na8 40.Ba6 Rb8 41.Nb2 Nb6 42.Bb5  1/2-1/2

[Event "SWZ-ch"]
[Site "Graechen"]
[Date "1999.??.??"]
[Round "?"]
[White "Wyss, Thomas"]
[Black "Goldstern, Flip"]
[Result "1/2-1/2"]
[WhiteElo "2184"]
[BlackElo "2372"]

1.e4 c5 2.Nf3 e6 3.d4 cxd4 4.Nxd4 a6 5.Bd3 Nf6 6.O-O d6 7.c4 Qb6 8.Be3 Qc7
9.Nc3 Be7 10.Rc1 O-O 11.f4 Nc6 12.Nb3 Re8 13.Qf3 Nb4 14.Bb1 Qxc4 15.Nd5 exd5
16.Rxc4 dxc4 17.Nd2 Bg4 18.Qg3 Be2 19.Re1 Bd3 20.Bd4 Bxb1 21.Rxb1 Nc6 22.Bc3 b5
23.e5 dxe5 24.fxe5 Nd5 25.e6 f6 26.Ne4 b4 27.Bd2 Nd4 28.Re1 Rad8 29.Qh3 Bf8
30.Ng3 c3 31.bxc3 bxc3 32.Bh6 Rd6 33.Qg4 Rdxe6 34.Rd1 Re1+ 35.Rxe1 Rxe1+
36.Kf2 Re5 37.Qxd4 gxh6 38.Qc4 Kg7 39.Qg4+ Kf7 40.Qd7+ Kg6 41.Qc8 Kf7 42.Ne2 Bb4
43.Qxa6 Bc5+ 44.Kf3 Re3+ 45.Kg4 Re4+ 46.Kf3 Re3+ 47.Kg4  1/2-1/2

[Event "Gyongyos op"]
[Site "Gyongyos"]
[Date "1999.??.??"]
[Round "4"]
[White "Szabo, Zsolt Jozsef"]
[Black "Juhasz, Bela"]
[Result "1-0"]
[WhiteElo "2450"]
[BlackElo "2285"]

1.e4 c5 2.Nf3 e6 3.d4 cxd4 4.Nxd4 a6 5.Bd3 Nf6 6.O-O d6 7.c4 Be7 8.Nc3 O-O
9.Kh1 Qc7 10.f4 Re8 11.Qe1 Nbd7 12.b3 Bf8 13.Nf3 e5 14.f5 b5 15.Be3 Nc5 16.Bxc5 Qxc5
17.cxb5 d5 18.bxa6 Bxf5 19.Rc1 Qa3 20.Bb5 dxe4 21.Ng5 Bg6 22.Bxe8 Rxe8 23.Ngxe4 Nxe4
24.Nxe4 f5 25.Nc3 Qxa6 26.a4 e4 27.Nd5 Qb7 28.Qd1 Bf7 29.Rxf5 e3 30.Qf3 Bxd5
31.Rxd5 e2 32.Re1 Bb4 33.Rxe2  1-0

[Event "Havana Provincial"]
[Site "Havana"]
[Date "1999.??.??"]
[Round "?"]
[White "Morales, Romary"]
[Black "Fuentes, Manuel"]
[Result "1/2-1/2"]
[WhiteElo "2210"]
[BlackElo "2355"]

1.e4 c5 2.Nf3 e6 3.d4 cxd4 4.Nxd4 a6 5.Bd3 Qc7 6.O-O Nf6 7.Qe2 d6 8.c4 Be7
9.b3 O-O 10.Bb2 Nc6 11.Nd2 Ne5 12.Rae1 Nxd3 13.Qxd3 Nd7 14.Ne2 Bf6 15.Bxf6 Nxf6
16.Nc3 Bd7 17.f4 Bc6 18.Qg3 Rad8 19.Rf2 Qb6 20.h3 Qd4 21.Kh2 Nh5 22.Qe3 Qxe3
23.Rxe3 Nf6 24.e5 dxe5 25.fxe5 Nd7 26.b4 Nb6 27.Nce4 Rd4 28.Nd6 f6 29.Nb3 Rd1
30.Na5 fxe5 31.Rxf8+ Kxf8 32.c5 Nd7 33.Ndxb7 Bd5 34.Re2 Rc1 35.Nd6 Ke7 36.Nc8+ Kd8
37.Nb6 e4 38.Nxd7 Kxd7 39.Kg3 Rb1 40.a3 Ra1 41.Re3 Ra2 42.h4 Kc7 43.Kh3 Rd2
44.Kg3 Ra2 45.Kh3 g6 46.g4 h6 47.g5 h5 48.Kg3 e5 49.Rc3 Ra1 50.Kf2 Rh1 51.a4 Ra1
52.Nc4 Bxc4 53.Rxc4 Rxa4 54.Rxe4 Rxb4 55.Rxe5 Rxh4 56.Re6 a5 57.Rxg6 Rc4
58.Kg3 a4 59.Ra6  1/2-1/2

[Event "Havana Provincial"]
[Site "Havana"]
[Date "1999.??.??"]
[Round "?"]
[White "Morales, Romary"]
[Black "Velez, Nestor"]
[Result "1/2-1/2"]
[WhiteElo "2212"]
[BlackElo "2315"]

1.e4 c5 2.Nf3 e6 3.d4 cxd4 4.Nxd4 a6 5.Bd3 Bc5 6.Nb3 Ba7 7.O-O Ne7 8.Kh1 Nbc6
9.f4 d5 10.Nc3 O-O 11.a3 f5 12.exd5 exd5 13.Re1 d4 14.Ne2 Rf6 15.Ng1 Be6
16.Nd2 Nd5 17.Nc4 b5 18.Ne5 Nxe5 19.fxe5 Rg6 20.Rf1 Qd7 21.Nh3 Rf8 22.Ng5 Ne3
23.Bxe3 dxe3 24.Nxe6 Qxe6 25.Bxf5 Rxf5 26.Qd8+ Kf7 27.Qc7+ Kg8 28.Qd8+ Kf7
29.Qc7+  1/2-1/2

[Event "Basarrate mem-B"]
[Site "Havana"]
[Date "1999.??.??"]
[Round "?"]
[White "Ibarra, Joel"]
[Black "Becquer, Alain"]
[Result "1-0"]
[WhiteElo "2176"]
[BlackElo "2177"]

1.e4 c5 2.Nf3 e6 3.d4 cxd4 4.Nxd4 a6 5.Bd3 Nf6 6.O-O Qc7 7.c4 g6 8.Nc3 Bg7
9.Be3 O-O 10.Rc1 d6 11.Re1 Nbd7 12.f3 b6 13.Bf1 Re8 14.Qd2 Bb7 15.Red1 Rad8
16.b4 Qb8 17.Nb3 d5 18.cxd5 exd5 19.exd5 Qd6 20.b5 a5 21.Bg5 Rc8 22.Kh1 Qb4
23.Nd4 Nxd5 24.Nc6 Nxc3 25.Nxb4 Nxd1 26.Rxd1 Ne5 27.Nd5 Bxd5 28.Qxd5 h6 29.Bh4 Rc5
30.Qd6 Re6 31.Qd8+ Kh7 32.Bf2 Rc2 33.Bxb6 Rxa2 34.f4 Ng4 35.Bc4 Rxb6 36.Qxb6 Rc2
37.Bxf7 Nf6 38.Qd6 Rc3 39.b6  1-0

[Event "Hessen-ch int"]
[Site "Hessen"]
[Date "1999.??.??"]
[Round "6"]
[White "Kersten, Uwe"]
[Black "Chuchelov, Vladimir"]
[Result "0-1"]
[WhiteElo "2365"]
[BlackElo "2530"]

1.e4 c5 2.Nf3 e6 3.d4 cxd4 4.Nxd4 a6 5.Bd3 Nf6 6.O-O Qc7 7.Qe2 d6 8.c4 g6
9.Nc3 Bg7 10.Rd1 O-O 11.Nf3 Nc6 12.h3 Nd7 13.Be3 b6 14.Rac1 Nc5 15.Bb1 Bb7
16.b3 Qe7 17.Qd2 Rfd8 18.Nd4 Ne5 19.Bg5 f6 20.Be3 g5 21.Qe2 Rac8 22.Bc2 Ncd7
23.Bb1 Kh8 24.a3 Rc7 25.Qd2 Nc5 26.f3 Rdc8 27.Kh1 Qe8 28.Qe2 Ncd7 29.Na4 Bf8
30.Ba2 d5 31.Nxe6 Qxe6 32.exd5 Qd6 33.Nc3 Qxa3 34.Ne4 Re8 35.Qc2 Rcc8 36.Bb1 Ng6
37.Bd4 Bg7 38.Qc3 Qf8 39.Qb2 a5 40.Re1 Nge5 41.Ng3 Qf7 42.Bf5 Bf8 43.Ne4 Rcd8
44.Bxd7 Nxd7 45.Nxg5 Qg6 46.Ne6 Rc8 47.Re4 Bd6 48.Rg4 Qh6 49.Re4 Rg8 50.f4 Qg6
51.Ng5 Rcf8 52.g3 Nc5 53.Re2 Bc8 54.Kh2 Kg7 55.Nf3 Qh5 56.Nh4 Nd3 57.Qd2 Nxf4
58.Rf2 Ng6 59.Nxg6 Qxh3+ 60.Kg1 hxg6 61.Rh2 Qg4  0-1

[Event "Hessen-ch int"]
[Site "Hessen"]
[Date "1999.??.??"]
[Round "9"]
[White "Lau, Ralf"]
[Black "Chuchelov, Vladimir"]
[Result "1-0"]
[WhiteElo "2460"]
[BlackElo "2530"]

1.e4 c5 2.Nf3 e6 3.d4 cxd4 4.Nxd4 a6 5.Bd3 Qb6 6.Nb3 Qc7 7.O-O Nf6 8.c4 d6
9.Nc3 Be7 10.f4 O-O 11.Kh1 b6 12.Bd2 Bb7 13.Qf3 Nbd7 14.Qh3 Rfe8 15.Rae1 Rad8
16.Re3 Qb8 17.Be1 e5 18.Nd5 Bxd5 19.exd5 e4 20.Be2 b5 21.Nd4 bxc4 22.Nc6 Qxb2
23.Nxd8 Bxd8 24.Bxc4 Bb6 25.Bc3 Qa3 26.Bxf6 Qa4 27.Bxg7 Bxe3 28.Ba1 Qxc4
29.Re1 Bd2 30.Qxd7 Qc8 31.Qxd6 Qf5 32.g4 Qxf4 33.Qxf4 Bxf4 34.Bf6 h6 35.h4 Kh7
36.h5 Bg5 37.Bxg5 hxg5 38.Kg2 Rd8 39.Rd1 Kg7 40.d6 Kf6 41.d7 Ke7 42.Kf2 f5
43.gxf5 Kf6 44.h6 g4 45.Ke3 g3 46.Kxe4 g2 47.Rg1 Rxd7 48.Rxg2 Rd1 49.Rg6+ Kf7
50.Rxa6 Re1+ 51.Kd4 Rd1+ 52.Kc4 Rf1 53.Ra8  1-0

[Event "HUN-chT9899"]
[Site "HUN"]
[Date "1999.??.??"]
[Round "?"]
[White "Hardicsay, Peter"]
[Black "Kerek, Krisztian"]
[Result "1/2-1/2"]
[WhiteElo "2320"]
[BlackElo "2370"]

1.e4 c5 2.Nf3 e6 3.d4 cxd4 4.Nxd4 a6 5.Bd3 Qb6 6.Nb3 Qc7 7.O-O Nf6 8.Qe2 d6
9.a4 b6 10.Nc3 Bb7 11.f4 Nbd7 12.Kh1 Be7 13.Bd2 O-O 14.Rae1 e5 15.f5 d5 16.exd5 Nxd5
17.Ne4 N7f6 18.Qf3 Rad8 19.Qg3 Nxe4 20.Bxe4 Bf6 21.Qf3 Ba8 22.Qe2 Bc6 23.Qxa6 Ra8
24.Qd3 Rfd8 25.a5 bxa5 26.Qf3 a4 27.Nc1 Rac8 28.Nd3 Ba8 29.Rc1 Qc4 30.Rfe1 Re8
31.g3 Rcd8 32.Re2 Nb6 33.Bxa8 Nxa8 34.Re4 Rd4 35.Rxd4 Qxd4 36.Bc3 e4 37.Bxd4 exf3
38.Bxf6 gxf6 39.Kg1 Nb6 40.Kf2 Nc4 41.Kxf3 Rb8 42.Ra1 Nxb2  1/2-1/2

[Event "HUN-chT9899"]
[Site "HUN"]
[Date "1999.??.??"]
[Round "?"]
[White "Cao Sang"]
[Black "Farago, Ivan"]
[Result "1/2-1/2"]
[WhiteElo "2495"]
[BlackElo "2530"]

1.e4 c5 2.Nf3 e6 3.d4 cxd4 4.Nxd4 a6 5.Bd3 Nf6 6.Qe2 d6 7.O-O Qc7 8.Nd2 Nbd7
9.N2f3 g6 10.Ng5 Nc5 11.Nb3 Bg7 12.Nxc5 Qxc5 13.Be3 Qc7 14.f4 O-O 15.c3 Bd7
16.Kh1 Bc6 17.Bg1 Nh5 18.Be3 Rae8 19.Rae1 e5 20.f5 Nf4 21.Bxf4 exf4 22.Qg4 Qe7
23.Qxf4 Bh6 24.f6 Qe5 25.Qxe5 Rxe5 26.Nf3 Rc5 27.Nd4 Bd7 28.Bc2 Re8 29.Bb3 Bc6
30.Nxc6 bxc6 31.Rd1 Bf8 32.Rd4 Rce5 33.Ba4 Rxe4 34.Rxe4 Rxe4 35.Bxc6 Re2
36.Rb1 Bh6 37.Bd5 Rc2 38.a4 Rc1+ 39.Rxc1 Bxc1 40.b4 Bd2 41.b5 axb5 42.axb5 Be3
43.g4 h6 44.Kg2 Bb6 45.h4 g5 46.hxg5 hxg5 47.Kf3 Bd8 48.Ke4 Bxf6 49.b6 Bd8
50.b7 Bc7 51.Kf5 Kf8 52.Kxg5 Ke7 53.Kf5 f6 54.Bg8 Bb8 55.Ke4 Bc7 56.Kd5 Kd7
57.Bh7 Bb8 58.Bd3 Bc7 59.Bb5+ Ke7 60.Kc6 Kd8 61.Bf1 Bb8 62.Bh3 Bc7 63.Kd5 Ke7
64.Ke4 Bb8  1/2-1/2

[Event "HUN-chT9899"]
[Site "HUN"]
[Date "1999.??.??"]
[Round "?"]
[White "Forgo, Eva"]
[Black "Waldmann, Ivan"]
[Result "1/2-1/2"]
[WhiteElo "2245"]
[BlackElo "2270"]

1.e4 c5 2.Nf3 e6 3.d4 cxd4 4.Nxd4 a6 5.Bd3 Qc7 6.O-O Nf6 7.c4 d6 8.Nc3 Be7
9.Be3 O-O 10.Rc1 Nbd7 11.Be2 b6 12.f4 Re8 13.Bf3 Bb7 14.b3 Bf8 15.Nde2 Nc5
16.Ng3 g6 17.Kh1 Bg7 18.b4 Ncd7 19.Qd3 h5 20.Rfd1 Bf8 21.h3 Rac8 22.Nb1  1/2-1/2

[Event "HUN-chT29899"]
[Site "HUN"]
[Date "1999.??.??"]
[Round "?"]
[White "Hargittai, Szabolcs"]
[Black "Kadar, Gabor"]
[Result "1/2-1/2"]
[WhiteElo "2225"]
[BlackElo "2235"]

1.e4 c5 2.Nf3 e6 3.d4 cxd4 4.Nxd4 a6 5.Bd3 Nc6 6.Nxc6 bxc6 7.c4 Nf6 8.O-O d5
9.cxd5 cxd5 10.exd5 Nxd5 11.Be4 Bd6 12.Bf3 O-O 13.Nd2 Bb7 14.Ne4 Be5 15.Nc3 Bxc3
16.bxc3 Qc7 17.Bxd5 Bxd5 18.Qc2 Rfc8 19.Be3 Qxc3 20.Qxc3 Rxc3 21.a4 h6 22.a5 Rb8
23.Rab1 Rxb1 24.Rxb1 Ra3 25.Bb6 g5 26.h3 Kh7 27.Rc1 Kg6 28.Rc8 e5 29.Rc5 Ra1+
30.Kh2 Rd1 31.Rc8 Be6 32.Ra8 Bc4 33.Rc8 Bb5 34.Rd8 Re1 35.Rd6+ Kg7 36.Rd8 Re2
37.Rc8 Ra2 38.Rc7 e4 39.Kg1 Kg6 40.Rc3 f5 41.Rc7 f4 42.Re7 Bd3 43.Re6+ Kf7
44.Rxh6 e3 45.fxe3 Be4 46.exf4 Rxg2+  1/2-1/2

[Event "Kastel Stari op"]
[Site "Kastel Stari"]
[Date "1999.??.??"]
[Round "2"]
[White "Armanda, Ivica"]
[Black "Bilobrk, Franjo"]
[Result "1-0"]
[WhiteElo "2337"]
[BlackElo "2373"]

1.e4 c5 2.Nf3 e6 3.d4 cxd4 4.Nxd4 a6 5.Bd3 d5 6.exd5 Qxd5 7.O-O Nf6 8.Nc3 Qd8
9.Be3 Bd7 10.Qf3 Nc6 11.Rad1 Nxd4 12.Bxd4 Bc6 13.Qe3 Qb8 14.Bxf6 gxf6 15.Be4 Qc7
16.Bxc6+ bxc6 17.Ne4 Be7 18.Qc3 Rg8 19.Nxf6+ Bxf6 20.Qxf6 Rd8 21.Qf3 Rd5
22.Rxd5 cxd5 23.Qd3 Qc4 24.Qxc4 dxc4 25.Rd1 Rg5 26.c3 Ra5 27.a3 Ke7 28.Kf1 Rb5
29.Rd2 e5 30.Ke2 Ke6 31.Kd1 h5 32.Kc2 Rb8 33.Re2 f5 34.Re1 h4 35.g3 hxg3
36.hxg3 Rh8 37.b3 Rh2 38.Re2 cxb3+ 39.Kxb3 e4 40.c4 Kd6 41.Rd2+ Kc6 42.Kc3 f4
43.gxf4 Rh3+ 44.Kd4 Rxa3 45.Kxe4 Rc3 46.Kd4 Rf3 47.Ke5 Kc5 48.f5 Kxc4 49.f6 Kc3
50.Ra2 Kb4 51.Rxa6 Rxf2 52.Rd6 Kc5 53.Rd1 Kc6 54.Ke6 Re2+ 55.Kf7 Ra2 56.Kf8 Ra8+
57.Kg7 Ra2 58.Rg1 Kd6 59.f7  1-0

[Event "La Coruna op 10th"]
[Site "La Coruna"]
[Date "1999.??.??"]
[Round "2"]
[White "Korneev, Oleg"]
[Black "Gonzalez, Elias"]
[Result "1-0"]
[WhiteElo "2615"]
[BlackElo "2125"]

1.e4 c5 2.Nf3 e6 3.d4 cxd4 4.Nxd4 a6 5.Bd3 Bc5 6.Nb3 Ba7 7.O-O Nc6 8.Qg4 Nf6
9.Qxg7 Rg8 10.Qh6 Ne5 11.Qh3 Nfg4 12.Nc3 Qf6 13.Qg3 Nf3+ 14.gxf3 Nh6 15.Bxh6 Rxg3+
16.hxg3 Qxh6 17.Kg2 d6 18.Rh1 Qf8 19.Rxh7 Bd7 20.Ne2 O-O-O 21.Rah1 e5 22.Nc3 Be6
23.Nd5 Bxd5 24.exd5 f5 25.Bxa6 bxa6 26.Rxa7 e4 27.Rhh7 exf3+ 28.Kxf3 Kb8
29.Na5  1-0

[Event "Lenk op"]
[Site "Lenk"]
[Date "1999.??.??"]
[Round "5"]
[White "Luther, Thomas"]
[Black "Gheorghiu, Florin"]
[Result "1/2-1/2"]
[WhiteElo "2542"]
[BlackElo "2450"]

1.e4 c5 2.Nf3 e6 3.d4 cxd4 4.Nxd4 a6 5.Bd3 Nf6 6.O-O d6 7.c4 Bd7 8.Nc3 Nc6
9.Nxc6 Bxc6 10.Bf4 Be7 11.Qe2 O-O 12.Rfd1 Nd7 13.Rac1 Ne5 14.Bb1 Qb8 15.b3 Rc8
16.a4 b6 17.h3 g6 18.Bh6 Nd7 19.Nd5 Bxd5 20.cxd5 e5 21.Rc6 Nc5 22.b4 Nxa4
23.Rdc1 Re8 24.Qf3 Bf8 25.Bxf8  1/2-1/2

[Event "Mendrisio op"]
[Site "Mendrisio"]
[Date "1999.??.??"]
[Round "6"]
[White "Fierz, Martin"]
[Black "Mantovani, Renzo"]
[Result "0-1"]
[WhiteElo "2194"]
[BlackElo "2377"]

1.e4 c5 2.Nf3 e6 3.d4 cxd4 4.Nxd4 a6 5.Bd3 Bc5 6.Nb3 Ba7 7.O-O Nc6 8.c4 d6
9.Nc3 Nf6 10.Bg5 h6 11.Bf4 O-O 12.Qe2 Ne5 13.Bc2 Qc7 14.Nd2 Bd7 15.Rac1 Rac8
16.Bb3 Qb8 17.Be3 Bxe3 18.Qxe3 b5 19.cxb5 axb5 20.Ne2 b4 21.Nc4 Nfg4 22.Qg3 Bb5
23.Nxe5 Nxe5 24.Qe3 d5 25.Rxc8 Rxc8 26.f4 Ng4 27.Qf3 Qb6+ 28.Kh1 Qe3 29.Qxe3 Nxe3
30.Re1 Bxe2 31.Kg1 Bd3 32.Rxe3 Rc1+ 33.Kf2 Rf1+ 34.Kg3 dxe4 35.a3 Rb1 36.axb4 Rxb2
37.Ba4 Rxb4  0-1

[Event "Miskolc Avas op"]
[Site "Miskolc"]
[Date "1999.??.??"]
[Round "9"]
[White "Meszaros, Andras"]
[Black "Kerek, Krisztian"]
[Result "0-1"]
[WhiteElo "2335"]
[BlackElo "2345"]

1.e4 c5 2.Nf3 e6 3.d4 cxd4 4.Nxd4 a6 5.Bd3 Qb6 6.c3 Nc6 7.Nd2 Qc7 8.O-O Nf6
9.f4 d6 10.Nxc6 bxc6 11.e5 Nd7 12.Nc4 d5 13.Ne3 g6 14.b3 c5 15.c4 d4 16.Ng4 Bb7
17.Nf2 Be7 18.Bd2 a5 19.Qg4 a4 20.Rfe1 axb3 21.axb3 O-O 22.h4 Rxa1 23.Rxa1 Ra8
24.Rxa8+ Bxa8 25.h5 Nf8 26.hxg6 hxg6 27.Qh3 Qa7 28.Ng4 Qa2 29.Be1 Qxb3 30.Qh6 Qb2
31.Bf2 Qc1+ 32.Kh2 Qd1 33.Nf6+ Bxf6 34.exf6 Qh5+ 35.Qxh5 gxh5 36.Bh4 Nd7
37.Kg1 e5 38.Bf5 Bc6 39.Bxd7 Bxd7 40.fxe5 Be6 41.Be1 Bxc4 42.Ba5 Bd5 43.g3 c4
44.Bb6 d3 45.Ba5 Kh7 46.Kf2 Kg6 47.Bc3 Kf5 48.Ke3 Kg4 49.Kf2 Be6 50.Bd2 Kf5
51.Ke3 Kxe5 52.Bc3+ Kf5 53.Bd4 Kg4 54.Be5 Bf5 55.Kd2 Kf3 56.Bc7 c3+ 57.Kxc3 h4
58.gxh4 Ke3 59.h5 d2  0-1

[Event "Nigran op 13th"]
[Site "Nigran"]
[Date "1999.??.??"]
[Round "5"]
[White "Paredes Galan, Emilio"]
[Black "Glavina Rossi, Pablo"]
[Result "0-1"]
[WhiteElo "2180"]
[BlackElo "2425"]

1.e4 c5 2.Nf3 e6 3.d4 cxd4 4.Nxd4 a6 5.Bd3 Nc6 6.Be3 Qc7 7.Nc3 Nf6 8.O-O Bd6
9.h3 b5 10.Qd2 Bb7 11.f4 Nxd4 12.Bxd4 b4 13.Ne2 Nxe4 14.Qe3 f5 15.c3 O-O
16.cxb4 Bxb4 17.Rac1 Qd6 18.Bxe4 Bxe4 19.a3 Ba5 20.b4 Bd8 21.Bc5 Qb8 22.Bxf8 Kxf8
23.Qg3 Kg8 24.Rfd1 Qb7 25.Nd4 Bb6 26.Kh1 Rf8 27.Nf3 Rf6 28.Ne5 Bd5 29.Rd2 d6
30.Nc4 Rg6 31.Nxd6 Rxg3 32.Nxb7 Rxh3+  0-1

[Event "GER-ch U12"]
[Site "Oberhof"]
[Date "1999.??.??"]
[Round "?"]
[White "Rohde, Torsten"]
[Black "Lutz, Dieter"]
[Result "1-0"]
[WhiteElo "1625"]
[BlackElo "1615"]

1.e4 c5 2.Nf3 e6 3.d4 cxd4 4.Nxd4 a6 5.Bd3 Qb6 6.Nb3 Qc7 7.O-O Nf6 8.c4 b6
9.Nc3 Bb7 10.Qe2 d6 11.Kh1 Nbd7 12.f4 Be7 13.Bd2 Rc8 14.Rae1 Nc5 15.Nxc5 bxc5
16.e5 Nd7 17.exd6 Qxd6 18.Ne4 Qc6 19.Bc3 Nf6 20.Nd2 Rd8 21.Nf3 O-O 22.Bb1 Rfe8
23.Ne5 Qb6 24.Ng4 Nxg4 25.Qxg4 g6 26.Re3 Bf8 27.Rh3 Qc6 28.Rg1 Bg7 29.Qh4 Bxc3
30.Qxh7+ Kf8 31.Rg3 Bg7 32.f5 exf5 33.Bxf5 Rd2 34.Bxg6 Qxg2+ 35.R3xg2 Rxg2
36.Bxf7 Rf2+ 37.Bd5 Bxd5+ 38.cxd5 Re7 39.d6 Rd7 40.Qh4 Rxb2 41.Qf4+ Kg8 42.Qg4 Rf7
43.Qe6 Rb7 44.Qe8+ Kh7 45.Rd1 Rbd7 46.Qc8 Bd4 47.Qxa6 Ra7 48.Qd3+ Kg7 49.Qc4 Rad7
50.Qd5 Rf6 51.Rd3 Rfxd6 52.Rg3+ Kh6 53.Qg5+  1-0

[Event "GER-ch U14"]
[Site "Oberhof"]
[Date "1999.??.??"]
[Round "?"]
[White "Balcerak, Philipp"]
[Black "Wegerle, Joerg"]
[Result "1/2-1/2"]
[WhiteElo "2035"]
[BlackElo "2135"]

1.e4 c5 2.Nf3 e6 3.d4 cxd4 4.Nxd4 a6 5.Bd3 Nc6 6.Nxc6 dxc6 7.Nd2 e5 8.Nc4 Bd6
9.Be2 Bc7 10.Qxd8+ Kxd8 11.Be3 Be6 12.O-O-O+ Ke8 13.Nd6+ Bxd6 14.Rxd6 Rd8
15.Bc5 Nf6 16.f3 Rxd6 17.Bxd6 Nd7 18.a4 f6 19.a5 Kf7 20.g3 h5 21.f4 Bg4 22.Bc4+ Be6
23.Bxe6+ Kxe6 24.Rd1 g6 25.h4 Rc8 26.b4 c5 27.Rd5 cxb4 28.Bxb4 Rc6 29.Rd3 Nc5
30.Bxc5 Rxc5 31.Rb3 f5 32.Rb6+ Rc6 33.exf5+ Kxf5 34.Rxb7 exf4 35.gxf4 Rc5
36.Rf7+ Ke6 37.Rg7 Kf6 38.Rd7 Rxa5 39.Kd2 Ke6 40.Rg7 Kf5 41.Rf7+ Ke4 42.Rf6 Rd5+
43.Kc3 Rc5+ 44.Kb3 a5 45.c4 a4+ 46.Kb4 Rc8 47.c5 a3 48.Kxa3 Rxc5 49.Rxg6 Rc3+
50.Kb2 Rh3 51.f5 Rxh4 52.f6 Rf4 53.Rh6 h4 54.f7 Kf3 55.Rxh4 Rxf7  1/2-1/2

[Event "Paulisto-ch"]
[Site "Sao Caetano"]
[Date "1999.??.??"]
[Round "6"]
[White "Tsuboi, Edson Kenji"]
[Black "Vescovi, Giovanni"]
[Result "0-1"]
[WhiteElo "2330"]
[BlackElo "2522"]

1.e4 c5 2.Nf3 e6 3.d4 cxd4 4.Nxd4 a6 5.Bd3 d6 6.c4 Nf6 7.Nc3 Nbd7 8.Qe2 g6
9.Nf3 Bg7 10.Bf4 Nh5 11.Be3 O-O 12.O-O Qc7 13.Rac1 b6 14.Rfd1 Bb7 15.Qd2 Rfd8
16.Be2 Nc5 17.Nd4 Nxe4 18.Nxe4 Bxe4 19.Bxh5 gxh5 20.Bh6 Bh8 21.Rc3 Bg6 22.Kh1 Qb7
23.b3 d5 24.c5 e5 25.c6 Qc7 26.Ne2 d4 27.Rc4 Rd6 28.Rdc1 Re8 29.f4 f6 30.Qe1 d3
31.f5 Bxf5 32.Ng3 Bg6 33.Ne4 Rde6 34.Nc3 Rd8 35.b4 Bg7 36.Bxg7 d2  0-1

[Event "Itau Mercosul Cup 3rd"]
[Site "Sao Paulo"]
[Date "1999.??.??"]
[Round "8"]
[White "Tsuboi, Edson Kenji"]
[Black "Vescovi, Giovanni"]
[Result "0-1"]
[WhiteElo "2322"]
[BlackElo "2522"]

1.e4 c5 2.Nf3 e6 3.d4 cxd4 4.Nxd4 a6 5.Bd3 g6 6.O-O Bg7 7.Be3 Nc6 8.Nxc6 bxc6
9.Nd2 d6 10.Rb1 Ne7 11.b4 O-O 12.Nb3 f5 13.f3 e5 14.Qd2 f4 15.Bf2 Be6 16.Rfd1 Qc7
17.Qe2 g5 18.Bc4 Bxc4 19.Qxc4+ Kh8 20.Rd3 Rf6 21.Rbd1 Rg6 22.h3 h5 23.Kf1 g4
24.hxg4 hxg4 25.fxg4 Bh6 26.Bh4 Ng8 27.g5 Bxg5 28.Bxg5 Rxg5 29.Rxd6 Qh7 30.Qc5 Rf8
31.Qf2 f3  0-1

[Event "Staufer-Open 11th"]
[Site "Schwaebisch Gmuend"]
[Date "1999.??.??"]
[Round "1"]
[White "Foehl, Frithjof"]
[Black "Podzielny, Karl Heinz"]
[Result "0-1"]
[WhiteElo "1828"]
[BlackElo "2500"]

1.e4 c5 2.Nf3 e6 3.d4 cxd4 4.Nxd4 a6 5.Bd3 Nf6 6.O-O Qc7 7.Qe2 d6 8.Be3 Nbd7
9.Nb3 Be7 10.Nc3 b5 11.a3 Bb7 12.f4 h5 13.Kh1 Rc8 14.Bg1 h4 15.h3 Nh5 16.Bh2 Bf6
17.f5 Ne5 18.fxe6 fxe6 19.Rae1 Qb6 20.Nd1 Ng3+ 21.Bxg3 hxg3 22.Rf4 Ke7 23.Ne3 Rhf8
24.Nd2 Bg5 25.Rxf8 Rxf8 26.Ng4 Nxg4 27.Qxg4 Bxd2 28.Rg1 g5 29.Qxg3 Qf2 30.Qg4 Qh4
31.Qd1 Bf4  0-1

[Event "Staufer-Open 11th"]
[Site "Schwaebisch Gmuend"]
[Date "1999.??.??"]
[Round "3"]
[White "Ott, Frank"]
[Black "Podzielny, Karl Heinz"]
[Result "0-1"]
[WhiteElo "2235"]
[BlackElo "2500"]

1.e4 c5 2.Nf3 e6 3.d4 cxd4 4.Nxd4 a6 5.Bd3 Nf6 6.O-O Qc7 7.c4 d6 8.Nc3 Nbd7
9.Qe2 Be7 10.f4 h5 11.Nf3 b6 12.f5 Ng4 13.fxe6 fxe6 14.Kh1 Nde5 15.Nxe5 Nxe5
16.Be3 Bf6 17.Rac1 Bd7 18.Qd1 O-O 19.Be2 g6 20.Qd2 Bg7 21.Rfd1 Nf7 22.Bf4 Ra7
23.c5 bxc5 24.Bxd6 Nxd6 25.Qxd6 Qxd6 26.Rxd6 Rf2 27.Rf1 Rxf1+ 28.Bxf1 Be5
29.Rxa6 Rb7 30.Ra5 Rxb2 31.Rxc5 Rf2 32.Ba6 Bd6 33.Rg5 Rc2 34.Ne2 Rxa2 35.Bd3 Rd2
36.e5 Bc5 37.Rxg6+ Kf7 38.Rf6+ Ke7 39.Nc1 Ba3 40.Be2 Bxc1 41.Bxh5 Bb2 42.Rf7+ Kd8
43.Bf3 Bxe5 44.Kg1 Ra2 45.Be4 Bd4+  0-1

[Event "Sportland-NRW-Cup"]
[Site "Senden"]
[Date "1999.??.??"]
[Round "5"]
[White "Koscielski, Janusch"]
[Black "Volzhin, Alexander"]
[Result "1/2-1/2"]
[WhiteElo "2310"]
[BlackElo "2565"]

1.e4 c5 2.Nf3 e6 3.d4 cxd4 4.Nxd4 a6 5.Bd3 Nf6 6.O-O d6 7.Kh1 Nbd7 8.Qe2 Nc5
9.f4 Be7 10.Nc3 O-O 11.Bd2 e5 12.fxe5 dxe5 13.Nf5 Bxf5 14.Rxf5 Nxd3 15.cxd3 Qd6
16.Bg5 Nd7 17.Bxe7 Qxe7 18.Nd5 Qd6 19.Raf1 f6 20.Qg4 Rf7 21.h4 Raf8 22.R5f3 Nc5
23.h5 Qe6 24.Qxe6 Nxe6 25.h6 Nd4 26.R3f2 b5 27.b4 gxh6 28.Rxf6 Rxf6 29.Rxf6 Rxf6
30.Nxf6+ Kf7 31.Nd5 Nc2 32.Kg1 Ne1 33.Kf2 Nxd3+ 34.Ke2 Nc1+ 35.Kd2 Nxa2 36.Kc2 Kg6
37.Kb2 Nxb4 38.Nxb4 a5 39.Nd3 Kg5 40.Nxe5 Kf4 41.Nc6 Kxe4 42.Nxa5 Kf4 43.Nc6 Kg3
44.Nd4 h5 45.Nf5+ Kxg2 46.Kc3 Kf3 47.Kd2 b4 48.Ke1 Kg2 49.Ne3+ Kg1 50.Nf5 b3
51.Kd2 Kf2 52.Kc3 Kf3 53.Kxb3 Kf4 54.Kc3  1/2-1/2

[Event "Sportland-NRW-Cup"]
[Site "Senden"]
[Date "1999.??.??"]
[Round "6"]
[White "Emunds, Hans Georg"]
[Black "Krallmann, Matthias"]
[Result "1-0"]
[WhiteElo "2175"]
[BlackElo "2295"]

1.e4 c5 2.Nf3 e6 3.d4 cxd4 4.Nxd4 a6 5.Bd3 Nf6 6.O-O Qc7 7.b3 d6 8.Bb2 Nbd7
9.Nd2 g6 10.f4 Bg7 11.c4 O-O 12.Kh1 b6 13.Qe2 Bb7 14.Rae1 Rad8 15.Bb1 Rfe8
16.N4f3 e5 17.fxe5 dxe5 18.Ng5 h6 19.Nh3 Nc5 20.b4 Na4 21.Ba1 Qd6 22.Nf3 Qxb4
23.Nxe5 Nc3 24.Qf3 Nxb1 25.Rxb1 Qe7 26.Nf2 Rd6 27.Rbe1 Nh7 28.Neg4 Ng5 29.Qf4 Bxa1
30.Rxa1 Kg7 31.e5 Re6 32.h4 Rh8 33.Kg1 h5 34.Nf6 Nh7 35.Nxh7 Kxh7 36.Nh3 Rxe5
37.Qxf7+ Kh6 38.Qf4+ Kg7 39.Ng5 Rf8 40.Qd4 Rxf1+ 41.Rxf1 Kg8 42.Rf7 Re1+
43.Kh2  1-0

[Event "Sevilla op"]
[Site "Sevilla"]
[Date "1999.??.??"]
[Round "6"]
[White "Kolev, Atanas"]
[Black "Spraggett, Kevin"]
[Result "1/2-1/2"]
[WhiteElo "2550"]
[BlackElo "2560"]

1.e4 c5 2.Nf3 e6 3.d4 cxd4 4.Nxd4 a6 5.Bd3 Nf6 6.O-O d6 7.c4 Bd7 8.Nc3 Nc6
9.Be3 Be7 10.h3 O-O 11.Qd2 Qb8 12.Nxc6 Bxc6 13.a4 a5 14.Rad1 Nd7 15.Bc2 Nc5
16.f4 b6 17.Bd4 Qb7 18.Qe2 f5 19.exf5 exf5 20.Qf2 Rad8 21.Kh2 Bf6 22.Rfe1 Bxd4
23.Rxd4 g6 24.Rd2 Qg7 25.Red1 Qf6 26.Qd4 Rd7 27.Qxf6  1/2-1/2

[Event "Villa de Sitges 35th"]
[Site "Sitges"]
[Date "1999.??.??"]
[Round "7"]
[White "Hamdouchi, Hichem"]
[Black "Marin Ionescu, Luiza"]
[Result "1-0"]
[WhiteElo "2520"]
[BlackElo "2140"]

1.e4 c5 2.Nf3 e6 3.d4 cxd4 4.Nxd4 a6 5.Bd3 Nf6 6.O-O Qc7 7.Qe2 d6 8.c4 g6
9.Nc3 Bg7 10.Nf3 Nc6 11.h3 O-O 12.Bf4 Ne5 13.Rac1 b6 14.Rfd1 Bb7 15.Nxe5 dxe5
16.Be3 Rfd8 17.Na4 Nxe4 18.Bxb6 Qc6 19.Bxe4 Rxd1+ 20.Rxd1 Qxe4 21.Qxe4 Bxe4
22.Nc5 Bc6 23.Rd6 Rc8 24.Nxa6 e4 25.b3 Bb5 26.Nc7 Be5 27.cxb5  1-0

[Event "Svetla nad Sazavou op-A"]
[Site "Svetla nad Sazavou"]
[Date "1999.??.??"]
[Round "5"]
[White "Schauer, Jiri"]
[Black "Palek, Miroslav"]
[Result "1/2-1/2"]
[WhiteElo "2149"]
[BlackElo "2225"]

1.e4 c5 2.Nf3 e6 3.d4 cxd4 4.Nxd4 a6 5.Bd3 Nc6 6.Nb3 d5 7.exd5 exd5 8.O-O Nf6
9.Re1+ Be7 10.N1d2 O-O 11.h3 d4 12.Nf3 Bb4 13.Re2 Kh8 14.Bg5 h6 15.Bh4 Qd6
16.a3 Ba5 17.Nxa5 Nxa5 18.Qd2 Nc6 19.Rae1 Nd5 20.Bg3 Qf6 21.Ne5 Nde7 22.Nxc6 Nxc6
23.Be4 Be6 24.Qf4 Qxf4 25.Bxf4 Rfd8 26.Rd2 Bd5 27.Bxd5 Rxd5 28.Red1 Rf5 29.Bc7 Rc8
30.Bb6 Rb5 31.Bxd4 Nxd4 32.Rxd4 Rxb2 33.Rd8+ Rxd8 34.Rxd8+ Kh7 35.Rc8 Rb1+
36.Kh2 Kg6 37.Rc7 Kf6 38.Kg3 Rb6 39.Kf3 Ke6 40.Ke3 Rb5 41.f4  1/2-1/2